000 00603nam a2200217Ii 4500
001 20418
003 CO-ViMGA
008 241108s9999||||xx |||||||||||||| ||und||
020 _a9788426142023
040 _aCO-ViMGA
_bspa
_erda
_cCO-ViMGA
041 0 _aspa
084 _aC BYR2po
100 1 _aRobert. Byrd
_951753
245 1 0 _aEl pollito valiente
264 1 _aMadrid, EspaƱa : Editorial Juventud, 2015
300 _avolumen
336 _atext
_btxt
_2rdacontent
337 _aunmediated
_bn
_2rdamedia
338 _avolume
_bnc
_2rdacarrier
940 _aidficha_siabuc: 20073. -- ficha_no_siabuc:20418
999 _c46508
_d46508